|
|
|
|
| LEADER |
00000nam0a2200000 4500 |
| 001 |
355350 |
| 005 |
20231102010802.0 |
| 035 |
|
|
|a (RuTPU)RU\TPU\retro\12609
|
| 090 |
|
|
|a 355350
|
| 100 |
|
|
|a 20200707d1973 km y0rusy50 ca
|
| 101 |
0 |
|
|a rus
|
| 102 |
|
|
|a RU
|
| 105 |
|
|
|a y z 000zy
|
| 200 |
1 |
|
|a СССР в цифрах в 1972 году
|e краткий статистический сборник
|f СССР, Центральное статистическое управление
|
| 210 |
|
|
|a Москва
|c Статистика
|d 1973
|
| 215 |
|
|
|a 216 с.
|
| 606 |
1 |
|
|a Народное хозяйство
|x Статистические материалы
|y СССР
|2 stltpush
|3 (RuTPU)RU\TPU\subj\44882
|9 64157
|
| 610 |
1 |
|
|a статистические данные
|
| 610 |
1 |
|
|a статистические ежегодники
|
| 610 |
1 |
|
|a территория
|
| 610 |
1 |
|
|a население
|
| 610 |
1 |
|
|a промышленность
|
| 610 |
1 |
|
|a сельское хозяйство
|
| 610 |
1 |
|
|a транспорт
|
| 610 |
1 |
|
|a труд
|
| 610 |
1 |
|
|a материальное благосостояние
|
| 610 |
1 |
|
|a образование
|
| 686 |
|
|
|a У9(2)0-05
|v LBC/SL-A
|2 rubbk
|
| 712 |
0 |
1 |
|a СССР
|b Центральное статистическое управление
|c (Москва)
|c (1927-1930, 1948-1987)
|2 stltpush
|3 (RuTPU)RU\TPU\col\14482
|9 25946
|
| 801 |
|
1 |
|a RU
|b 63413507
|c 20200707
|
| 801 |
|
2 |
|a RU
|b 63413507
|c 20210212
|g RCR
|
| 942 |
|
|
|c BK
|